Statistics for Şarkının Adı Sözlerinde Gizli #3

Click here to take the quiz!

General Stats

  • This quiz has been taken 986 times
  • The average score is 10 of 15

Answer Stats

Answer% Correct
Kimseyi görmedim ben / {Senden} {daha} {güzel} / Kimseyi tanımadım ben / Senden daha özel
97%
Affet, bu gece ölmek istedim / {Pembe} bir {mezarlık} olmak istedim / Karanlığı elimle bölmek istedim / Seni çok özledim
94%
Gözüm kara, kalmadı yara / Oldum rengâ-{rengârenk}
94%
Yanmam gönlüm yansa da / Ecel beni alsa da / Gözlerim kapansa da / {Yıldızların} {altında}
85%
{Dünyanın} {sonuna} {doğmuşum} / Ya da ölmüşüm de haberim yok / İyi bilirdik derler elbet ardımdan / Bundan büyük bi' yalan yok
68%
Ben {sigara} dumanımın altında / Yana yana en sonunda kül oldum / Sen kibritin hiç yanmayan ucunda / Birinin hayatından geçmiş oldun
66%
{Bodrum}'a da gittik beraber / İstanbul'da da yaşadık / Sorun şehirlerde değildi / Biz tam yalandık
65%
{Sıfır} {tolerans} hadi git durma / Yüreğim soğudu yakamam bir daha / Kısasa kısas aşk alır verdiğini / Acısı kalır son sözü söyleyenin
65%
{Deniz} {üstü} {köpürür} hey canım rinna nay rinna rinna nay / Kayığa da binsem götürür hey canım hey
63%
Kız seni alan yaşadı / Dertlerini de boşadı / Mest oldu / Vallahi {jest} {oldu}, ooh
60%
Sen de {yaz}, {yaz}, {yaz}, bi' kenara yaz bütün sözlerimi / Yanılırsam çık karşıma, göster kendini
60%
Uykulu gözlerle, döndüm rüyamdan / Sana {sarı} {laleler} aldım, çiçek pazarından
55%
Yandı dertler, bitti tasa / Ben kurbanım bu {cambaz}a / İki gözüm kadar eminim, sen yoksun
53%
Burası soğuk, {soğuk} {odalar} / Yoksun neye yarar / Örtünsem kat kat yorganlar aman
47%
{Sözlerimi} {geri} {alamam} / Yazdığımı yeniden yazamam / Çaldığımı baştan çalamam / Bir daha geri dönemem
37%

Score Distribution

Percentile by Number Answered

Percent of People with Each Score

Your Score History

You have not taken this quiz